| 000 | 01155cam a2200409 i 4500 | ||
|---|---|---|---|
| 001 | 021595695 | ||
| 005 | 20230717110107.0 | ||
| 008 | 230717s2019 enk 001 0 eng d | ||
| 010 | _a2018961773 | ||
| 015 |
_aGBB950756 _2bnb |
||
| 016 | 7 |
_a019307724 _2Uk |
|
| 020 |
_a9780198817246 _qpaperback |
||
| 020 |
_a019881724X _qpaperback |
||
| 035 | _a(OCoLC)1090438482 | ||
| 040 | _aDLC | ||
| 041 | _aeng | ||
| 042 | _apcc | ||
| 043 | _ae-uk--- | ||
| 050 | 0 | 0 | _aKD2940 |
| 082 | 0 | 4 | _a346.4102 |
| 100 | 1 |
_aHamer, Kenneth _c(Barrister), _eauthor. |
|
| 245 | 1 | 0 |
_aProfessional conduct casebook / _cKenneth Hamer. |
| 250 | _aThird edition. | ||
| 264 | 1 |
_aOxford, United Kingdom : _bOxford University Press, _c2019. |
|
| 264 | 4 | _c©2019 | |
| 300 |
_axcix, 1203 pages ; _c25 cm |
||
| 336 |
_atext _btxt _2rdacontent |
||
| 337 |
_aunmediated _bn _2rdamedia |
||
| 338 |
_avolume _bnc _2rdacarrier |
||
| 500 | _aIncludes index. | ||
| 500 | _aPrevious edition: 2015. | ||
| 650 | 0 | _aPROFESSIONAL CONDUCT | |
| 650 | 0 |
_aPROFESSIONAL ETHICS _zGreat Britain |
|
| 651 | _aUnited Kingdom | ||
| 942 | _n0 | ||
| 999 |
_c121603 _d121603 |
||